Finančný prenájom u nájomcu od roku 2004

Pojem a obsah finančného prenájmu. Nové prístupy vo finančnom prenájme od 1.1. 2004. Finančný prenájom u zmlúv uzatvorených do 31.12. 2003. Finančný lízing po 1.1. 2004. Praktické príklady.

Enregistré dans:
Détails bibliographiques
Auteur principal: Lacová, Ľudmila
Autres auteurs: Čarnický, Štefan, Varcholová, Tatiana
Format: Chapitre de livre
Langue:slovaque
Sujets:
Tags: Ajouter un tag
Pas de tags, Soyez le premier à ajouter un tag!

MARC

LEADER 00000naa$a2200000$$$4500
001 0007472
005 20240502071351.8
041 0 |a slo 
044 |a SK 
245 1 0 |a Finančný prenájom u nájomcu od roku 2004  |c aut. Ľudmila Lacová, Štefan Čarnický, Tatiana Varcholová 
520 |a Pojem a obsah finančného prenájmu. Nové prístupy vo finančnom prenájme od 1.1. 2004. Finančný prenájom u zmlúv uzatvorených do 31.12. 2003. Finančný lízing po 1.1. 2004. Praktické príklady. 
610 2 0 |a lízing finančný 
610 2 0 |a nájomné zmluvné 
610 2 0 |a majetok 
610 2 0 |a zdaňovanie 
610 2 0 |a odpisy daňové 
610 2 0 |a odpisy účtovné 
610 2 0 |a dane z príjmov 
610 2 0 |a účtovníctvo jednoduché 
100 1 |a Lacová, Ľudmila 
700 1 |a Čarnický, Štefan 
700 1 |a Varcholová, Tatiana